| 000 | 00759nam a2200229 a 4500 | ||
|---|---|---|---|
| 001 | BRCA_372 | ||
| 005 | 20190320203000.0 | ||
| 008 | 751119s1964 vtuabde 000 0 eng | ||
| 040 |
_aDLC _cWa _dDLC |
||
| 050 | 4 |
_aNA7451 _b.E5 1964 |
|
| 100 | 1 |
_aEngel, Heinrich _91251 |
|
| 245 | 1 | 0 |
_aThe Japanese House _bA Tradition for Contemporary Architecture _cEngel Heinrich |
| 260 |
_aRutland, Vermont _bCharles E. Tuttle Co. _c[1964] |
||
| 300 |
_a495 p. _bil., láminas, mapas, cartas, planos. _c30 cm. |
||
| 500 | _aIncluye índice | ||
| 500 | _aDonación Fundación Japón | ||
| 504 | _aBibliografía : p. 489-490 | ||
| 650 | 1 | 4 |
_aArquitectura doméstica _zJapón _91252 |
| 740 | 0 | _aTradición para la arquitectura contemporánea | |
| 902 | _aDFJ | ||
| 942 |
_2lcc _cB |
||
| 999 |
_c309 _d309 |
||